| 000 | 00437 a2200109 4500 | ||
|---|---|---|---|
| 001 | ART_16198 | ||
| 005 | 20260410161853.0 | ||
| 008 | 260409a | ||
| 245 | 1 | 0 | _aJuicios al mal radical Crímenes de lesa humanidad y justicia en la transición democrática argentina |
| 100 | 1 | _aDouglas Price, José E. | |
| 773 | 0 |
_tFilosofía del derecho _gCuestiones epistemológica y normativas - Año I, Nº 2 (dic. 2012) _wREV10449 |
|
| 999 |
_c25183 _d25183 |
||